00388nam a2200121Ia 4500003000400000005001700004008004100021040001800062041000800080100003700088245010500125260003600230OSt20260127100839.0211028s2017 xx 000 0 und d cAIMIT LIBRARY aeng aNaveen; Pereira, Divya.g1516099 aStudy on the consumer perception towards private label brands: with reference to big bazaar Hassan / aMangalorebDivya Pereira.c2017